=LDR 00000nam 2200000 4500 =001 NUTBA000000000004231 =005 20140905172655.0 =006 =007 =008 =020 ##$$a 979-8295-002-8 =035 ##$$a 0010-091400000000264 =082 ##$$a 418 =090 ##$$a 418 eDI b =100 ##$$a Adizal =245 ##$$a Bahasa Indonesia : untuk orang jepang =260 ##$$a Jakarta $b Kesaint Blanc $c 1995 =300 ##$$a viii. 150 hlm $c 20 cm =850 ##$$a nbpnmat =990 ##$$a 0001/BPAP-NTB/20142014